Responses for Show #4010 - Friday, January 25, 2002

(Sofia: Hi, this is Sofia of the Clue Crew! Stay tuned for Jeopardy!, it's just what the doctor ordered!)

Contestants

[<< previous game]

Cynthia Kocanovic, a fundraiser from Toronto, Canada

Sozi Sozinho, an attorney originally from Kinshasa, Zaire

Chris Stallings, a science teacher from Carmel, California (whose 1-day cash winnings total $6,900)

[next game >>]

Jeopardy! Round responses

PENNSYLVANIA
KEY STONES
ALLEN TOWN
EERIE
ALL TUNA
READING
    $200 2
Philadelphia

Sozi
    $200 6
marble

Cynthia
    $200 12
Marcus Allen

Sozi
    $200 26
Bermuda Triangle

Chris
    $200 11
StarKist

Sozi
    $200 15
Anne Rice

Cynthia
    $400 3
Harrisburg

Sozi
    $400 7
diamond

Cynthia
    $400 13
Woody Allen

Cynthia
    $400 22
Lincoln

Chris
    $400 30
American Samoa

Chris
    $400 16
To Kill a Mockingbird

Sozi
    $600 1
Penn St.

Sozi
    $600 8
Pebbles

Cynthia
    $600 14
(Chris: Uh, who is Steve Allen?)

Fred Allen

Chris
Triple Stumper
    $600 23
Loch Ness Monster

Cynthia
    $600 27
Chicken of the Sea

Chris
    $600 19
Kurt Cobain

Cynthia
    $800 4
Henry Hudson

Sozi
    $800 9
Flint

Chris
    $800 17
Paul Allen

Sozi
    $800 24
UFOs

Chris
    $800 28
ahi

Triple Stumper
    $800 20
Lady Chatterley's Lover

Chris
    $1000 5
(Alex: You got it! Well done in the category; you ran it.)
[applause from the audience and the other players.]

New Jersey & New York

Sozi
    $1000 10
slate

Chris
    $1000 18
Irwin Allen

Chris
    $1000 25
Crossing Over

Cynthia
    $1,000 29
(Chris: Uh, what is...yellowfin?)

[ERRATUM: The period after the S in U.S. was missing.]

albacore

Chris
    $1000 21
(Sozi: Uh, what is The Murder of the Rue Morgue?)

The Purloined Letter

ChrisSozi

Scores at the first commercial break (after clue 16):

Chris Sozi Cynthia
$1,200 $3,800 $1,800

Scores at the end of the Jeopardy! Round:

Chris Sozi Cynthia
$5,400 $3,600 $4,000

Double Jeopardy! Round responses

CLASSICAL MUSIC
'90s MOVIES
CROSSWORD CLUES "M"
INTERNATIONAL CUISINE
WORDS WITHIN WORDS
DOCTOR TALK
    $400 11
"Moonlight Sonata"

Chris
    $400 18
Halle Berry

Cynthia
    $400 1
(Alex: [when finishing reading the clue] 5 letters...6 letters, sorry. I was trying to make it even more difficult for the players.)
...
(Alex: Doesn't [*] have 5 letters or did I miss something in school?)
[laughter]

mutiny

Chris
    $400 16
Switzerland

Chris
    $400 23
verb (in reverberate)

Chris
    $400 2
heart rate

Sozi
    $800 12
Johannes Brahms

Triple Stumper
    $800 19
Malcolm X

Sozi
    $800 3
Monroe

Sozi
    $800 17
mango

Cynthia
    $800 25
post (in impostor)

Cynthia
    $800 7
headache

Chris
    $1200 13
(Chris: Who is Wagner?)

Richard Strauss

Chris
Triple Stumper
    $1200 20
As Good as It Gets

Cynthia
    $2,400 4
monk

Sozi
    $1200 24
Luxembourg

Sozi
    $1200 28
omen (in phenomenon)

Triple Stumper
    $1200 8
earwax

Chris
    $1600 14
(Cynthia: What is "The Messiah?")
(Chris: What is "Music for Royal Fireworks?")

The Water Music

ChrisCynthia
Triple Stumper
    $1600 21
Happy Gilmore

Sozi
    $1600 5
Mubarak

Chris
    $1600 26
Belgium

Cynthia
    $1600 9
chickenpox

Chris
    $2000 15
Berlioz

Chris
    $2,000 22
(Sozi: What is Hollywood Shuffle?")
(Alex: A minute to go now, Sozi.)

The Player

Sozi
    $2000 6
Maximilian

Chris
    $2000 27
accra

Sozi
    $2000 10
nose

Chris

Scores at the end of the Double Jeopardy! Round:

Chris Sozi Cynthia
$15,400 $10,800 $7,200

[wagering suggestions for these scores]

Final Jeopardy! Round responses

WORLD LEADERS
CynthiaWho is Nelson Mandela?
$7,100
SoziWho is Kagame?
$10,700
ChrisWho is Smith
$6,300
Nelson Mandela

Final scores:

Chris Sozi Cynthia
$9,100 $100 $14,300
2nd place: trip to St. James's Club Antigua 3rd place: trip to Las Vegas & stay at Flamingo Hilton New champion: $14,300

Game dynamics:

Coryat scores:

Chris Sozi Cynthia
$16,400 $11,600 $7,200
21 R,
4 W
(including 1 DD)
16 R
(including 1 DD),
2 W
(including 1 DD)
13 R,
1 W

Combined Coryat: $35,200

[game clues] [game scores] [suggest correction]

Game tape date: 2001-11-06
The J! Archive is created by fans, for fans. Scraping, republication, monetization, and malicious use prohibited; this site may use cookies and collect identifying information. See terms. The Jeopardy! game show and all elements thereof, including but not limited to copyright and trademark thereto, are the property of Jeopardy Productions, Inc. and are protected under law. This website is not affiliated with, sponsored by, or operated by Jeopardy Productions, Inc. Join the discussion at JBoard.tv.